Functional analysis /
Guardado en:
| Autor Principal: | |
|---|---|
| Formato: | Libro |
| Idioma: | English |
| Publicado: |
New York :
McGraw-Hill,
c1973.
|
| Series: | McGraw-Hill series in higher mathematics
|
| Materias: | |
| Etiquetas: |
Agregar Etiqueta
Sin Etiquetas, Sea el primero en etiquetar este registro!
|
| LEADER | 01164pam a2200229 a 4500 | ||
|---|---|---|---|
| 001 | MAT.inmabb003071 | ||
| 008 | 710128s1973####nyu######b####001#0#eng## | ||
| 005 | 20130304180656.0 | ||
| 245 | 1 | 0 | |a Functional analysis / |c Walter Rudin. |
| 260 | |a New York : |b McGraw-Hill, |c c1973. | ||
| 300 | |a xiii, 397 p. ; |c 24 cm. | ||
| 490 | 0 | |a McGraw-Hill series in higher mathematics | |
| 504 | |a Bibliografía: p. [384]-385. | ||
| 505 | 0 | |a Part 1, General theory: 1. Topological vector spaces -- 2. Completeness -- 3. Convexity -- 4. Duality in Banach spaces -- 5. Some applications -- Part 2, Distributions and Fourier transforms: 6. Test functions and distributions -- 7. Fourier transforms -- 8. Applications to differential equations -- 9. Tauberian theory -- Part 3, Banach algebras and spectral theory: 10. Banach algebras -- 11. Commutative Banach algebras -- 12. Bounded operators on a Hilbert space -- 13. Unbounded operators. | |
| 510 | 4 | |a MR, |c 51 #1315 | |
| 020 | |a 0070542252 | ||
| 100 | 1 | |a Rudin, Walter, |d 1921- | |
| 650 | 0 | |a Functional analysis. | |
| 084 | |a 46-01 |2 msc2000 | ||
| 010 | |a 71039686 | ||
| 040 | |a DLC |c DLC |d DLC | ||
| 859 | |h 46 |i R916 |p A-4280 |b BIB. MATEMATICA | ||
